Civilization VI Resource Quiz - Statistics

General Stats
  • This quiz has been taken 16 times
  • The average score is 27 of 56
Answer Stats
Type Improvement Yield 1 Yield 2 Answer % Correct
Strategic Pasture 1 Production 1 Food Horses
92%
Strategic Mine 1 Science N/A Iron
92%
Bonus Pasture 1 Food N/A Sheep
92%
Bonus Quarry 1 Production N/A Stone
92%
Strategic Mine 2 Production N/A Uranium
92%
Bonus Mine 2 Gold N/A Copper
85%
Bonus Fishing Boats 1 Food N/A Fish
85%
Strategic Oil Well/Offshore Oil Rig 3 Production N/A Oil
85%
Luxury Mine 3 Gold N/A Silver
85%
Bonus Farm 1 Food N/A Wheat
85%
Bonus Pasture 1 Food N/A Cattle
77%
Bonus Fishing Boats 2 Gold N/A Crabs
77%
Bonus Farm 1 Food N/A Rice
77%
Strategic Mine 2 Production N/A Coal
69%
Bonus Camp 1 Production N/A Deer
69%
Bonus Plantation 1 Food N/A Bananas
62%
Luxury Plantation 3 Gold N/A Cocoa
62%
Luxury Mine 3 Gold N/A Diamonds
62%
Luxury Camp 1 Production 1 Gold Ivory
62%
Strategic Mine 1 Science N/A Aluminum
54%
Luxury Mine 1 Culture N/A Jade
54%
Luxury Quarry 1 Culture N/A Marble
54%
Strategic Mine 1 Production 1 Food Niter
54%
Luxury Fishing Boats 1 Production 1 Gold Whales
54%
Luxury Plantation 3 Gold N/A Cotton
46%
Luxury Camp 1 Food 1 Gold Furs
46%
Bonus Farm 2 Gold N/A Maize
46%
Luxury Mine 1 Food 1 Gold Salt
46%
Artifact N/A N/A N/A Shipwreck
46%
Luxury Plantation 1 Culture N/A Silk
46%
Luxury Plantation 1 Faith N/A Tobacco
46%
Luxury Camp 3 Gold N/A Truffles
46%
Luxury Plantation 1 Culture N/A Coffee
38%
Luxury Fishing Boats 1 Faith N/A Pearls
38%
Luxury Plantation 2 Food N/A Sugar
38%
Luxury Plantation 1 Food 1 Gold Wine
38%
Luxury N/A N/A N/A Cinnamon
31%
Luxury N/A N/A N/A Cloves
31%
Luxury Quarry 1 Production 1 Gold Gypsum
31%
Luxury Plantation 1 Faith N/A Incense
31%
Luxury Plantation 2 Food N/A Spices
31%
Luxury Plantation 1 Science N/A Tea
31%
Luxury N/A N/A N/A Toys
31%
Luxury Fishing Boats 1 Science N/A Turtles
31%
Luxury Fishing Boats/Mine 1 Culture N/A Amber
23%
Luxury Plantation 2 Food N/A Citrus
23%
Luxury N/A N/A N/A Jeans
23%
Luxury Mine 1 Science N/A Mercury
23%
Luxury N/A N/A N/A Perfume
23%
Artifact N/A N/A N/A Antiquity Site
15%
Luxury N/A N/A N/A Cosmetics
15%
Luxury Plantation 1 Faith N/A Dyes
15%
Luxury Mine 3-4 Gold N/A Gold Ore
15%
Luxury Camp 2 Food N/A Honey
15%
Other N/A N/A N/A Ley Line
8%
Luxury Plantation 1 Production 1 Gold Olives
8%
No matching quizzes found
Score Distribution
Percent of People with Each Score
Percentile by Number Answered
Your Score History
You have not taken this quiz